Hazardous and industrial wastes : proceedings of the twenty-fourth Mid-Atlantic Industrial Waste Conference
Αποθηκεύτηκε σε:
| Συγγραφή απο Οργανισμό/Αρχή: | |
|---|---|
| Άλλοι συγγραφείς: | , |
| Μορφή: | Πρακτικό Συνεδρίου Βιβλίο |
| Γλώσσα: | English |
| Δημοσίευση: |
Lancaster :
Technomic,
c1992
|
| Θέματα: | |
| Ετικέτες: |
Προσθήκη ετικέτας
Δεν υπάρχουν, Καταχωρήστε ετικέτα πρώτοι!
|
MARC
| LEADER | 00000nam a2200000 i 4500 | ||
|---|---|---|---|
| 001 | 1/67759 | ||
| 008 | 931111s1992 eng d | ||
| 020 | |a 0-87762-974-9 | ||
| 035 | |a ΛΕΣΒΟΣb10001955 |l 10001955 | ||
| 040 | |a GR-MY-UA |b gre |e aacr | ||
| 041 | 0 | |a eng | |
| 082 | 0 | |a 363.7287 | |
| 111 | 2 | |a Mid-Atlantic Industrial Waste Conference |n (24th : |d 1993 |c : Newark) | |
| 245 | 1 | 0 | |a Hazardous and industrial wastes : |b proceedings of the twenty-fourth Mid-Atlantic Industrial Waste Conference / |c Edited by Brian E. Reed; William A. Sack |
| 260 | |a Lancaster : |b Technomic, |c c1992 | ||
| 300 | |a 761 p. |b tables; fig. | ||
| 504 | |a Includes bibliographical references and index | ||
| 650 | 0 | 0 | |a Hazardous wastes. |
| 650 | 0 | 0 | |a Factory and trade waste. |
| 700 | 1 | |a Reed, Brian. |4 edt | |
| 700 | 1 | |a Sack, William A. |4 edt | |
| 852 | |a INST |b LESVOS |e 19931111 |h 363.7287 HAZ |p 005100004071 |q 005100004071 |t BK |y 0 | ||
| 909 | |a Λ |b 031526 | ||